LEADER 01395nam a2200277 i 4500 001 000000218927 003 CaOOAMICUS 005 20130318000000.0 008 130318s2006 it u000 u ita u 013 $a197824 020 $a88-88534-11-3 040 $aSeMil$bita 100 1 $aGheddo, Piero .$0(OLS)http://semarc/name/89501 245 10$aRosetta e Giovanni Gheddo :$bsposi secondo il cuore di Dio : pubblicazione per l'inizio della causa di beatificazione dei Servi di Dio Rosetta e Giovanni Tronzano (Vercelli), 18 febbraio 2006 /$cPiero Gheddo. 260 $a[Milano :$bPIMEdit,$c2006] 300 $a64 p. :$bill. ;$c15 cm. 500 $aFondo Card. C.M. Martini. 650 4$aGheddo, Rosetta.$0(OLS)http://semarc/subject/15133 650 4$aGheddo, Giovanni <1900-1942>.$0(OLS)http://semarc/subject/32923 850 $aSeMil 852 $aSeMil$W1$xVenegono$y1$m5A III 3/7$j169297$B169297$CSeMilBibl$Z2$F180387 $81 941 1 $a4 961 $aOmaggio: Martini Card. Carlo Maria 996 $6020$a88-88534-11-3$9(OLS)http://semarc/number/216826 996 $6245$aRosetta e Giovanni Gheddo :$bsposi secondo il cuore di Dio : pubblicazione per l'inizio della causa di beatificazione dei Servi di Dio Rosetta e Giovanni Tronzano (Vercelli), 18 febbraio 2006$9(OLS)http://semarc/title/314236 996 $6260$a[Milano :$bPIMEdit$9(OLS)http://semarc/publisher/53122 LEADER 01154nam a2200277 i 4500 001 000000076011 003 CaOOAMICUS 005 20171109000000.0 008 171109s2011 it u000 u ita u 013 $a47183 020 $a88-14-16125-9 040 $aSeMil$bita 245 10$aCodice civile e leggi complementari :$b2011 /$cschemi e tabelle a cura di Sergio Scicchitano. 260 $aMilano :$bGiuffrè,$c2011. 300 $aXXVIII, 1900 p. ;$c15 cm. 490 0 $aI codici Giuffrè 500 $aIn copertina : Aggiornato a Riforme T.U.B. e Società per azioni. 700 1 $aScicchitano, Sergio.$0(OLS)http://semarc/name/37503 710 2 $aItalia.$0(OLS)http://semarc/name/915 830 2$aI codici Giuffrè.$0(OLS)http://semarc/title/33989 850 $aSeMil 852 $aSeMil$W1$xVenegono$y1$mSL1.X II 5$j42163$B42163$CSeMilBibl$Z2$F42167 $8I 961 $aAcquisto: L.S. srl 996 $6020$a88-14-16125-9$9(OLS)http://semarc/number/56737 996 $6245$aCodice civile e leggi complementari :$b2011$9(OLS)http://semarc/title/123214 996 $6260$aMilano :$bGiuffrè$9(OLS)http://semarc/publisher/29926